<?xml version="1.0" encoding="UTF-8"?>
<record
    xmlns:xsi="http://www.w3.org/2001/XMLSchema-instance"
    xsi:schemaLocation="http://www.loc.gov/MARC21/slim http://www.loc.gov/standards/marcxml/schema/MARC21slim.xsd"
    xmlns="http://www.loc.gov/MARC21/slim">

  <leader>00494    a2200181   4500</leader>
  <controlfield tag="001">065772</controlfield>
  <controlfield tag="003">OSt</controlfield>
  <controlfield tag="005">20210903154052.0</controlfield>
  <controlfield tag="008">                                        </controlfield>
  <datafield tag="082" ind1=" " ind2=" ">
    <subfield code="a">368.32</subfield>
    <subfield code="b">I7L</subfield>
  </datafield>
  <datafield tag="100" ind1="1" ind2=" ">
    <subfield code="a">Madhyastha, P.S.</subfield>
  </datafield>
  <datafield tag="245" ind1="1" ind2=" ">
    <subfield code="a">Legal aspects of life assurance IC-24</subfield>
    <subfield code="c">by P.S. Madhtastha and M.G. Diwan</subfield>
  </datafield>
  <datafield tag="260" ind1=" " ind2=" ">
    <subfield code="a">Mumbai</subfield>
    <subfield code="b">Insurance Institute of India</subfield>
    <subfield code="c">2008</subfield>
  </datafield>
  <datafield tag="300" ind1=" " ind2=" ">
    <subfield code="a">247p.</subfield>
  </datafield>
  <datafield tag="690" ind1=" " ind2=" ">
    <subfield code="a">Statistics; Life Assurance</subfield>
  </datafield>
  <datafield tag="700" ind1=" " ind2=" ">
    <subfield code="a">Diwan, M.G.</subfield>
  </datafield>
  <datafield tag="942" ind1=" " ind2=" ">
    <subfield code="2">ddc</subfield>
    <subfield code="c">BK</subfield>
  </datafield>
  <datafield tag="999" ind1=" " ind2=" ">
    <subfield code="c">122</subfield>
    <subfield code="d">122</subfield>
  </datafield>
  <datafield tag="952" ind1=" " ind2=" ">
    <subfield code="0">0</subfield>
    <subfield code="1">0</subfield>
    <subfield code="2">ddc</subfield>
    <subfield code="4">0</subfield>
    <subfield code="7">0</subfield>
    <subfield code="8">TXB</subfield>
    <subfield code="a">CURAJ</subfield>
    <subfield code="b">CURAJ</subfield>
    <subfield code="c">STT</subfield>
    <subfield code="d">2012-03-07</subfield>
    <subfield code="e">STT</subfield>
    <subfield code="f">Insurance </subfield>
    <subfield code="g">75.00</subfield>
    <subfield code="i">49292/14.09.2009</subfield>
    <subfield code="l">1</subfield>
    <subfield code="o">368.32 I7L</subfield>
    <subfield code="p">60</subfield>
    <subfield code="r">2024-11-21</subfield>
    <subfield code="s">2024-03-04</subfield>
    <subfield code="w">2020-09-02</subfield>
    <subfield code="y">BK</subfield>
    <subfield code="z">Insurance Mumbai</subfield>
  </datafield>
  <datafield tag="952" ind1=" " ind2=" ">
    <subfield code="0">0</subfield>
    <subfield code="1">0</subfield>
    <subfield code="2">ddc</subfield>
    <subfield code="4">0</subfield>
    <subfield code="7">0</subfield>
    <subfield code="8">TXB</subfield>
    <subfield code="a">CURAJ</subfield>
    <subfield code="b">CURAJ</subfield>
    <subfield code="c">STT</subfield>
    <subfield code="d">2012-03-07</subfield>
    <subfield code="e">STT</subfield>
    <subfield code="f">Insurance </subfield>
    <subfield code="g">75.00</subfield>
    <subfield code="i">49292/14.09.2009</subfield>
    <subfield code="o">368.32 I7L</subfield>
    <subfield code="p">59</subfield>
    <subfield code="r">2024-11-21</subfield>
    <subfield code="w">2020-09-02</subfield>
    <subfield code="y">BK</subfield>
    <subfield code="z">Insurance Mumbai</subfield>
  </datafield>
  <datafield tag="952" ind1=" " ind2=" ">
    <subfield code="0">0</subfield>
    <subfield code="1">0</subfield>
    <subfield code="2">ddc</subfield>
    <subfield code="4">0</subfield>
    <subfield code="7">0</subfield>
    <subfield code="8">TXB</subfield>
    <subfield code="a">CURAJ</subfield>
    <subfield code="b">CURAJ</subfield>
    <subfield code="c">STT</subfield>
    <subfield code="d">2012-03-07</subfield>
    <subfield code="e">STT</subfield>
    <subfield code="f">Insurance </subfield>
    <subfield code="g">75.00</subfield>
    <subfield code="i">49292/14.09.2009</subfield>
    <subfield code="o">368.32 I7L</subfield>
    <subfield code="p">58</subfield>
    <subfield code="r">2024-11-21</subfield>
    <subfield code="w">2020-09-02</subfield>
    <subfield code="y">BK</subfield>
    <subfield code="z">Insurance Mumbai</subfield>
  </datafield>
</record>
